La comunicación del hecho científico / (Record no. 102785)

MARC details
000 -LEADER
campo de control de longitud fija 00564nam a2200193 i 4500
001 - NÚMERO DE CONTROL
campo de control 102785
003 - IDENTIFICADOR DE NÚMERO DE CONTROL
campo de control ES-MaACL
005 - FECHA Y HORA DE LA ÚLTIMA TRANSACCIÓN
campo de control 20250825075234.0
007 - CAMPO FIJO DE DESCRIPCIÓN FÍSICA--INFORMACIÓN GENERAL
campo de control de longitud fija t|
008 - DATOS DE LONGITUD FIJA--INFORMACIÓN GENERAL
campo de control de longitud fija 051205s2004 bo ||||1| spa d
080 ## - NÚMERO DE LA CLASIFICACIÓN DECIMAL UNIVERSAL
Número de la Clasificación Decimal Universal 659.3
100 1# - ENTRADA PRINCIPAL--NOMBRE DE PERSONA
Nombre de persona Rivadeneira Prada, Raúl.
9 (RLIN) 97536
245 13 - MENCIÓN DEL TÍTULO
Título La comunicación del hecho científico /
Mención de responsabilidad, etc. Raúl Rivadeneira Prada.
260 ## - PUBLICACIÓN, DISTRIBUCIÓN, ETC.
Lugar de publicación, distribución, etc. La Paz :
Nombre del editor, distribuidor, etc. [s.n.],
Fecha de publicación, distribución, etc. 2004.
300 ## - DESCRIPCIÓN FÍSICA
Extensión 61 p. ;
Dimensiones 22 cm.
650 17 - PUNTO DE ACCESO ADICIONAL DE MATERIA--TÉRMINO DE MATERIA
Término de materia o nombre geográfico como elemento de entrada Medios de comunicación social
Fuente del encabezamiento o término embne
9 (RLIN) 14961
852 ## - LOCALIZACIÓN
Ubicación ES-MaACL
Número de control de estantería 2199-F-23
Sublocalización o colección R.136501
Holdings
Estatus retirado Estado de pérdida Estado de daño No para préstamo Colección Biblioteca de origen Biblioteca actual Ubicación en estantería Fecha de adquisición Fuente de adquisición Total de préstamos Signatura topográfica completa Código de barras Visto por última vez Precio de reemplazo Tipo de ítem Koha
        Colección de folletos Biblioteca del Ateneo de Madrid Biblioteca del Ateneo de Madrid Depósito folletos 17/01/2008     2199-F-23 1107295 23/02/2023 23/02/2023 Folleto